MARC details
| 000 -LEADER |
| fixed length control field |
01001nam a22002057a 4500 |
| 005 - DATE AND TIME OF LATEST TRANSACTION |
| control field |
20260305112147.0 |
| 008 - FIXED-LENGTH DATA ELEMENTS--GENERAL INFORMATION |
| fixed length control field |
240820b ||||| |||| 00| 0 eng d |
| 082 ## - DEWEY DECIMAL CLASSIFICATION NUMBER |
| Classification number |
DPer 155.205 J826 October-December 2020 v. 119 n. 4-6 |
| 100 ## - MAIN ENTRY--PERSONAL NAME |
| Personal name |
Lilgendahl, Jennifer Pals. |
| Relator term |
author. |
| 9 (RLIN) |
58356 |
| 245 ## - TITLE STATEMENT |
| Title |
Narrative identity processes and patterns of adjustment across the transition to College: |
| Remainder of title |
a developmentally contextualized approach / |
| Statement of responsibility, etc. |
Jennifer Pals Lilgendahl, and Kate C. McLean. |
| 260 ## - PUBLICATION, DISTRIBUTION, ETC. (IMPRINT) |
| Place of publication, distribution, etc. |
Washington, DC ; |
| Name of publisher, distributor, etc. |
American Psychological Association , |
| Date of publication, distribution, etc. |
October 2020. |
| 300 ## - PHYSICAL DESCRIPTION |
| Extent |
Volume 119, pages 960-977 : |
| Other physical details |
illustration ; |
| Dimensions |
28 cm. |
| 500 ## - GENERAL NOTE |
| General note |
Journal of Personality and Social Psychology, vol. 119, no. 4, pages 960-977 , October 2020. |
| 650 ## - SUBJECT ADDED ENTRY--TOPICAL TERM |
| Topical term or geographic name as entry element |
Social psychology. |
| 9 (RLIN) |
61138 |
| 650 ## - SUBJECT ADDED ENTRY--TOPICAL TERM |
| Topical term or geographic name as entry element |
Adjustment (Psychology). |
| 9 (RLIN) |
61139 |
| 650 ## - SUBJECT ADDED ENTRY--TOPICAL TERM |
| Topical term or geographic name as entry element |
Identity (Psychology). |
| 9 (RLIN) |
3825 |
| 700 ## - ADDED ENTRY--PERSONAL NAME |
| Personal name |
Lilgendahl, Jennifer Pals. |
| Relator term |
author. |
| 9 (RLIN) |
58356 |
| 700 ## - ADDED ENTRY--PERSONAL NAME |
| Personal name |
McLean, Kate C. |
| Relator term |
author. |
| 9 (RLIN) |
58357 |
| 942 ## - ADDED ENTRY ELEMENTS (KOHA) |
| Source of classification or shelving scheme |
Dewey Decimal Classification |
| Koha item type |
Periodicals |